Etelä-Karjalan kunnat - Äkkikuolema - Statistics

Yleistilastot
  • Tätä visaa on pelattu 241 kertaa
  • Keskiarvotulos 7 / 9
Answers on the Grid
Answers color-coded by a green-red scale on the quiz's grid according to % correct below.
Enonkoski
Heinävesi
Imatra
Kitee
Lappeenranta
Lemi
Luumäki
Miehikkälä
Mäntyharju
Nuijamaa
Parikkala
Puumala
Rautjärvi
Ruokolahti
Rääkkylä
Savitaipale
Savonlinna
Taipalsaari
Tohmajärvi
Vainikkala
Virolahti
 
Vastaustilastot
Vastaus % Oikein
Lappeenranta
97%
Imatra
96%
Luumäki
90%
Lemi
86%
Parikkala
83%
Rautjärvi
77%
Savitaipale
72%
Taipalsaari
72%
Ruokolahti
71%
Ehtoja vastaavia visoja ei löytynyt
Tulosjakauma
Jokaisen tuloksen saaneiden osuus
Persentiili vastausten määrän mukaan
Tuloshistoriasi
Et ole pelannut tätä visaa